00523nam a22001457a 4500003000400000005001700004008004100021040001400062100002700076245011000103260000900213300003000222500009000252504003500342OSt20171010095507.0120810t xxu||||| |||| 00| 0 eng d aMMSUcULS aCardenas, Virginia R.  aThe Cooptation of indigenous and recommended rice technologies among the Ilocanos cVirginia R. Cardenas  c1981 axix, 198 leaves c28 cm.  aThesis (PhD.-Extension Education) -- University of the Philippines, Los Banos, Laguna aBibliography: leaves 193-198